000 00284nam a22001337a 4500
008 170425b xxu||||| |||| 00| 0 eng d
020 _a9780130891624
041 _aeng
080 _23 ED
_a54
100 _a12
101 _aSHM
245 _aCHEMISTRY
_cMCMURAY.F
942 _2udc
_cBK
999 _c11971
_d11971